00246nam a2200097Ia 4500008004100000100002000041245003000061260002300091300000800114650002600122190216s9999||||xx |||||||||||||| ||und|| aAlexandre Dumas 4aThe Count Of Monte Cristo bS Chand & Coc1990 a130 aEnglish Short Stories